00331pab a2200121 454500008004000000100002800040245007600068260000900144300001300153362000800166650001900174773001600193180718b1997 xxu||||| |||| 00| 0 eng d aAlexander, Rudolph, Jr. aSocial workers and privileged communication in the federal legal system c1997 ap.387-91 aJul aSocial workers aSocial Work